[Event "21st Dubai Open 2019"]
[Site "Dubai"]
[Date "2019.04.06"]
[Round "6.20"]
[White "Yilmaz, Mustafa"]
[Black "Nitish Belurkar"]
[Result "1-0"]
[WhiteElo "2631"]
[BlackElo "2327"]
[Annotator "TA"]
[PlyCount "59"]
[EventDate "2019.04.01"]
[EventType "swiss"]
[EventCountry "UAE"]
[SourceTitle "playchess.com"]
[Source "ChessBase"]
[SourceQuality "1"]

{[%evp 21,59,8,23,22,89,94,86,93,82,78,92,92,95,80,112,87,98,100,121,67,52,56,77,69,64,64,121,102,272,118,278,280,306,302,859,883,858,857,742,758]} 1. d4 Nf6 2. c4 e6 3. Nf3 d5 4. Nc3 c5 5. cxd5 Nxd5 6. e4 Nxc3 7. bxc3 {[%cal Bb2c3,Bc3d4,Bd4d5,Bd5d6][%mdl 32]} cxd4 8. cxd4 Bb4+ 9. Bd2 Bxd2+ 10. Qxd2 O-O 11. Bc4 b6 12. d5 {D41: Queen's Gambit Declined: Semi-Tarrasch with 5 cxd5} Re8 $146 (12... Ba6 $11 13. Bxa6 Nxa6) ({Predecessor:} 12... Ba6 13. Bxa6 Nxa6 14. d6 Nc5 15. e5 Qd7 16. O-O Rad8 17. Rad1 Qa4 18. Rfe1 f6 19. Qe2 fxe5 20. Nxe5 {1-0 (32) Caruana,F (2799)-Xiong,J (2633) Douglas 2017}) 13. O-O $16 Ba6 14. Bxa6 {White is better.} Nxa6 15. d6 Nc5 16. e5 f6 17. Rad1 Nd7 18. exf6 Qxf6 19. Nd4 Rac8 20. Nb5 (20. f4 $16) 20... Rc5 21. a4 Rd8 22. Qb4 Ne5 {Strongly threatening ...Nf3+!} 23. Qb3 {And now Nc7 would win.} (23. Nxa7 $2 Nf3+ $1 {[%mdl 512]} 24. gxf3 (24. Kh1 Rh5 $19) 24... Rg5+ 25. Qg4 Rxg4+ 26. fxg4 Qf3 $19) 23... Rd7 ({Black should play} 23... Qf7 $14) 24. Rfe1 {Nc7 is the strong threat.} Rf7 $2 (24... Nc4 $16 {was called for.}) 25. Re2 (25. f3 $18 {is the precise move to win.}) 25... Qf4 $2 {[#]} (25... Ng6 $16) 26. h3 $1 $18 {Threatens to win with Nc7.} (26. Qxe6 Qxa4 27. Rde1 Qxb5 $16) 26... Nd7 27. Nd4 (27. Nxa7 Rc1 $16) ({Wrong is} 27. Qxe6 $2 Qxa4 28. Ree1 Qxb5 $19) 27... Re5 $2 (27... Rc8 28. Nxe6 (28. Qxe6 h6 $18) 28... Qf6) 28. Nxe6 {White is clearly winning.} Qf6 29. Rxe5 Nxe5 30. f4 {Accuracy: White = 69%, Black = 20%.} 1-0

[Event "21st Dubai Open 2019"]
[Site "Dubai"]
[Date "2019.04.06"]
[Round "6.21"]
[White "Koniahli, Malek."]
[Black "Visakh N R"]
[Result "0-1"]
[WhiteElo "2299"]
[BlackElo "2509"]
[Annotator "ChessBase"]
[PlyCount "70"]
[EventDate "2019.04.01"]
[EventType "swiss"]
[EventCountry "UAE"]
[SourceTitle "playchess.com"]
[Source "ChessBase"]
[SourceQuality "1"]
[TimeControl "5400+30"]

1. d4 {[%emt 0:00:00]} Nf6 {[%emt 0:00:00]} 2. Nf3 {[%emt 0:00:00]} e6 {[%emt 0:00:00]} 3. Bf4 {[%emt 0:00:00]} c5 {[%emt 0:06:59]} 4. e3 {[%emt 0:00:15]} b6 {[%emt 0:00:44]} 5. Nbd2 {[%emt 0:02:28]} cxd4 {[%emt 0:04:15]} 6. exd4 {[%emt 0:00:08]} Bb7 {[%emt 0:00:05]} 7. Bd3 {[%emt 0:00:26]} Be7 {[%emt 0:00:09]} 8. h3 {[%emt 0:00:18]} O-O {[%emt 0:00:07]} 9. O-O {[%emt 0:00:16]} d6 {[%emt 0:00:08]} 10. c3 {[%emt 0:01:28]} Nbd7 {[%emt 0:01:55]} 11. Qe2 {[%emt 0:00:51]} Re8 {[%emt 0:05:44]} 12. Bh2 {[%emt 0:06:14]} a6 {[%emt 0:03:10]} 13. Rfe1 {[%emt 0:15:52]} Nf8 {[%emt 0:01:22]} 14. a4 {[%emt 0:13:59]} Ng6 {[%emt 0:04:23]} 15. Ne4 {[%emt 0:09:54]} Bxe4 {[%emt 0:08:36]} 16. Bxe4 {[%emt 0:00:06]} Nxe4 {[%emt 0:00:02]} 17. Qxe4 {[%emt 0:00:08]} Qc8 {[%emt 0:00:01]} 18. d5 {[%emt 0:10:28]} e5 {[%emt 0:00:36]} 19. Nd2 {[%emt 0:00:23]} f5 {[%emt 0:03:18]} 20. Qe2 {[%emt 0:01:02]} Qc5 {[%emt 0:01:12]} 21. Qc4 {[%emt 0:05:29]} Rec8 {[%emt 0:01:20]} 22. Qb3 {[%emt 0:03:47]} Bg5 {[%emt 0:03:47]} 23. Rad1 {[%emt 0:01:55]} b5 {[%emt 0:06:35]} 24. Qc2 {[%emt 0:02:36]} Bxd2 {[%emt 0:00:56]} 25. Rxd2 {[%emt 0:00:09]} f4 {[%emt 0:00:02]} 26. Re4 {[%emt 0:07:25]} Rab8 {[%emt 0:00:51]} 27. Qd3 {[%emt 0:01:11]} b4 {[%emt 0:05:26]} 28. cxb4 {[%emt 0:04:52]} Rxb4 {[%emt 0:00:33]} 29. Rxb4 {[%emt 0:00:26]} Qxb4 {[%emt 0:00:02]} 30. Rd1 {[%emt 0:00:18]} Qxa4 {[%emt 0:00:09]} 31. b3 {[%emt 0:00:16]} Qb5 {[%emt 0:04:14]} 32. Qf5 {[%emt 0:05:17]} Re8 {[%emt 0:02:55]} 33. Qc2 {[%emt 0:00:06]} Ne7 {[%emt 0:00:16]} 34. Kh1 {[%emt 0:01:19]} Rc8 {[%emt 0:00:37]} 35. Qb2 {[%emt 0:01:39]} Rc5 {[%emt 0:00:38]} 0-1

[Event "21st Dubai Open 2019"]
[Site "Dubai"]
[Date "2019.04.06"]
[Round "6.22"]
[White "Ranaldi, Lucas"]
[Black "Sindarov, Javokhir"]
[Result "0-1"]
[WhiteElo "2275"]
[BlackElo "2495"]
[Annotator "TA"]
[PlyCount "120"]
[EventDate "2019.04.01"]
[EventType "swiss"]
[EventCountry "UAE"]
[SourceTitle "playchess.com"]
[Source "ChessBase"]
[SourceQuality "1"]

{[%evp 34,120,48,44,66,53,56,55,61,25,38,35,31,10,56,7,0,-5,-2,-6,29,-14,-6,-13,0,0,0,0,0,-121,-131,-129,-117,-118,-118,-208,-208,-207,-206,-206,-206,-207,-206,-204,-206,-203,-77,-141,-97,-92,-93,-97,-92,-98,-88,-70,-75,-86,-86,-222,-190,-352,-356,-344,-347,-362,-341,-663,-659,-647,-630,-645,-638,-638,-570,-579,-573,-474,-250,-465,-447,-1045,-915,-1836,-1832,-29990,-29991,-29995,-29996]} 1. c4 Nf6 2. Nf3 g6 3. Nc3 Bg7 4. e4 c5 5. d4 cxd4 6. Nxd4 Nc6 7. Be3 O-O 8. Be2 d6 9. O-O Bd7 10. Qd2 Nxd4 11. Bxd4 Bc6 12. f3 a5 13. b3 Nd7 14. Be3 Nc5 15. Rab1 Qb6 16. Rfc1 Rfc8 17. Bf1 Qd8 18. Rc2 Be5 {B38: Sicilian: Maroczy Bind with 5...Bg7 and 7...0-0} (18... Qf8 19. Ne2 Nxe4 20. fxe4 Bxe4 21. Nc3 Bxc2 22. Qxc2 a4 23. Nd5 axb3 24. Rxb3 Ra5 25. Qd2 Rca8 26. Rxb7 e6 {1-0 (91) Wojtaszek,R (2749)-Zelbel,P (2448) Tallinn 2016}) 19. Qe1 e6 20. Rd1 {aiming for Bxc5.} Qe7 {White is slightly better.} 21. Kh1 {[#]} Rd8 $146 ({Predecessor:} 21... Na6 22. Nb1 {½-½ (68) Agrest,E (2602)-Wedberg,T (2533) Gothenburg 2004}) 22. Ne2 b6 23. Nf4 Qb7 24. Nd3 Nxd3 25. Rxd3 b5 26. c5 d5 27. exd5 (27. f4 {feels hotter.} Bg7 28. e5 b4 29. Bd4 Qe7 30. Kg1) 27... Rxd5 28. Rxd5 Bxd5 29. Bf2 Bg7 30. Qc1 Qc6 31. a4 (31. Kg1 $11) 31... bxa4 $17 32. bxa4 Qxa4 33. c6 {[#] Black must now prevent c7.} Bh6 $1 {[%cal Rh6c1][%mdl 576] Deflection} 34. Qxh6 (34. Bb5 $17 Qb3 35. Qb2) 34... Qxc2 $19 35. Bd4 {[%csl Gd4][%cal Rh6g7]} f6 $1 {[%mdl 64] Deflection} 36. Bxf6 {[%csl Gf6][%cal Rh6g7]} Ra7 37. Qe3 Rf7 38. Bc3 Qd1 {[%cal Rf7f3] ( -> ...Rxf3)} 39. Be1 a4 (39... Rc7 $19 40. Qb6 Rc8) 40. Kg1 (40. h4 $142) 40... Rc7 ({Don't take} 40... Bxc6 41. Qxe6 Qd7 42. Bc4 $15) 41. Qb6 {White threatens Qb8+ and mate.} Rc8 $1 ({Don't play} 41... Rxc6 $6 42. Qd8+ Kg7 43. Qe7+ Kg8 44. Qe8+ Kg7 45. Qe7+ Kg8 46. Qe8+ Kg7 47. Qe7+ $11) 42. Qb7 {White wants to mate with Bc3.} Rxc6 43. Qb8+ {[#]} Kf7 $1 44. Qf4+ Ke8 $1 45. Qb8+ Kd7 46. Qb7+ (46. Bg3 $17) 46... Rc7 47. Bb5+ $2 (47. Qb5+ Bc6 48. Qe5) 47... Bc6 ({Resist} 47... Kd6 48. Qb6+ Bc6 49. Kf1 $19) 48. Bxc6+ Kd6 {[%cal Rd1e1]} 49. Qb4+ Kxc6 {[%mdl 4096] Endgame KQR-KQB} 50. Kf2 $2 (50. h4) 50... Qb3 51. Qe4+ Kd7 {Hoping for ...Qc2+.} 52. Qd4+ Kc8 53. Ba5 Rd7 54. Qc5+ Kb7 55. Kg3 {[#]} Rd5 (55... g5 $142 $1 {...a3 is the strong threat.} 56. h3 (56. Qxg5 Qb2) 56... h5) 56. Qe7+ $2 (56. Qc7+ {is the only way for White.} Ka6 57. Be1) 56... Ka6 57. Bb4 (57. Bc7 $142 Qe3 58. Bf4 Qe1+ 59. Kg4) 57... Qe3 58. h4 Qe5+ 59. Kh3 Rd1 60. g3 Qf5+ {[%mdl 64] Double Attack. Accuracy: White = 25%, Black = 62%.} 0-1

[Event "21st Dubai Open 2019"]
[Site "Dubai"]
[Date "2019.04.06"]
[Round "6.23"]
[White "Srihari L R"]
[Black "Vignesh N R"]
[Result "0-1"]
[WhiteElo "2263"]
[BlackElo "2457"]
[Annotator "TA"]
[PlyCount "114"]
[EventDate "2019.04.01"]
[EventType "swiss"]
[EventCountry "UAE"]
[SourceTitle "playchess.com"]
[Source "ChessBase"]
[SourceQuality "1"]

{[%evp 14,114,26,16,21,15,16,13,22,16,18,10,22,4,4,2,31,28,36,28,38,18,16,16,43,17,31,34,39,25,30,31,29,21,15,0,0,-13,-12,-13,-13,-25,-25,-25,-25,-30,0,-22,-14,-30,-5,-5,-7,-8,-3,-76,-76,-76,-76,-76,-32,-76,-76,-76,-76,-76,-76,-76,-76,-76,-76,-83,-83,-83,-83,-83,-76,-146,-146,-146,-146,-155,-155,-155,-155,-152,0,0,0,0,0,0,0,0,0,0,-8,-29985,-29986,-29986,-29987,-29987,-29988]} 1. d4 Nf6 2. c4 e6 3. Nf3 d5 4. Nc3 Bb4 5. Bg5 h6 6. Bxf6 Qxf6 7. Qa4+ Nc6 8. e3 O-O {D38: Queen's Gambit Declined: Ragozin Defence (4 Nf3 Bb4)} 9. Bd3 dxc4 10. Bxc4 e5 {[%cal Re5d4] The position is equal.} 11. O-O {Nd5 is the strong threat.} exd4 12. Nd5 Qd6 13. Nxd4 (13. a3 {is more complex.} Bc5 14. b4 Bb6 15. Nxb6 cxb6 16. b5) (13. Nxb4 Qxb4 14. Qxb4 Nxb4 15. Nxd4 Bd7 16. a3 {1-0 (49) Duda,J (2738)-Vidit,S (2695) chess.com INT 2019}) 13... Nxd4 14. Qxb4 Qxb4 (14... c5 {is interesting.} 15. Qd2 b5 16. exd4 bxc4 17. dxc5 Qxc5 18. Rfe1 Kh8) 15. Nxb4 Ne6 $146 16. Rfd1 c6 17. a4 a5 18. Nd3 Re8 19. Rac1 Kf8 20. f4 Nc7 21. Ne5 Be6 22. Bxe6 Nxe6 23. Rd7 Re7 $1 24. Rcd1 Nc5 25. Rd8+ Rxd8 26. Rxd8+ $11 {[%mdl 4096] Endgame KRN-KRN} Re8 27. Nd7+ Nxd7 28. Rxd7 Rxe3 {Strongly threatening ...Rb3.} 29. Rxb7 {KR-KR} Re1+ 30. Kf2 Re4 31. b4 Rxf4+ 32. Ke3 g5 ({But not} 32... Rxb4 $2 33. Rxb4 Ke8 34. Rb7 $18) 33. bxa5 Rxa4 34. Rb6 (34. Ra7 $11) 34... Ra3+ 35. Kf2 Rxa5 36. Rxc6 Rf5+ 37. Kg1 Kg7 38. h3 h5 39. g3 Rf6 40. Rc5 Kg6 41. Kg2 Ra6 42. Rc2 Ra4 43. Rc6+ f6 44. Kf3 Ra2 45. Rc8 {[#]} ({White should play} 45. Rc4) 45... Rh2 $1 $17 {[%cal Rh2h3]} 46. h4 gxh4 {Hoping for ...Rh3.} 47. gxh4 Rxh4 48. Rg8+ Kf7 49. Kg3 Kxg8 $2 ({Black should try} 49... Rb4 $17 50. Rh8 Kg6 51. Rg8+ Kf7) 50. Kxh4 $11 Kf7 51. Kxh5 {KP-K} Ke6 52. Kg4 Ke5 53. Kg3 Ke4 (53... f5 $5 54. Kf3 $8 Kf6 $11) 54. Kg2 Ke3 {( -> ...f5)} 55. Kg1 $2 {[%mdl 8192] [#]} (55. Kh3 $11 f5 56. Kg2 f4 57. Kf1 Kf3 58. Ke1 Kg2 59. Ke2 f3+ 60. Ke3 f2 61. Kd4 f1=Q 62. Kc5 Qa6 63. Kd4 Qc6 64. Kd3 Kf3 65. Kd4 Qb5 66. Kc3 Ke3 67. Kc2 Qb4 68. Kc1 Kd3 69. Kd1 Qd2#) 55... f5 {Black mates.} 56. Kg2 f4 57. Kf1 Kf3 {Accuracy: White = 50%, Black = 75%.} 0-1

[Event "21st Dubai Open 2019"]
[Site "Dubai"]
[Date "2019.04.06"]
[Round "6.24"]
[White "Divya Deshmukh"]
[Black "Kunal, M.."]
[Result "1-0"]
[WhiteElo "2432"]
[BlackElo "2273"]
[Annotator "NA"]
[PlyCount "59"]
[EventDate "2019.04.01"]
[EventType "swiss"]
[EventCountry "UAE"]
[SourceTitle "playchess.com"]
[Source "ChessBase"]
[SourceQuality "1"]
[TimeControl "5400+30"]

1. d4 {[%emt 0:00:00]} Nf6 {[%emt 0:02:01]} 2. Bg5 {[%emt 0:00:00]} e6 {[%emt 0:01:06]} 3. e4 {[%emt 0:00:00]} h6 {[%emt 0:00:06]} 4. Bxf6 {[%emt 0:00:00]} Qxf6 {[%emt 0:00:08]} 5. Nf3 {[%emt 0:00:00]} d5 {[%emt 0:00:07]} 6. Nbd2 {[%emt 0:01:50]} c5 {[%emt 0:04:39]} 7. c3 {[%emt 0:08:28]} Nc6 {[%emt 0:08:17]} 8. Bb5 {[%emt 0:00:29]} Bd7 {[%emt 0:02:54]} 9. O-O {[%emt 0:02:16]} cxd4 {[%emt 0:10:35]} 10. cxd4 {[%emt 0:02:43]} Be7 {[%emt 0:00:10]} 11. Qb3 {[%emt 0:06:37]} a6 {[%emt 0:10:44]} 12. Bd3 {[%emt 0:03:15]} b5 {[%emt 0:11:29]} 13. a4 {[%emt 0:06:36]} b4 {[%emt 0:10:07]} 14. Rac1 {[%emt 0:04:57]} O-O {[%emt 0:03:03]} 15. Rfe1 {[%emt 0:23:03]} Rfc8 {[%emt 0:09:33]} 16. exd5 {[%emt 0:04:23]} Nxd4 {[%emt 0:02:04]} 17. Nxd4 {[%emt 0:01:12]} Rxc1 {[%emt 0:01:34]} 18. Rxc1 {[%emt 0:00:04]} Qxd4 {[%emt 0:00:04]} 19. Nf3 {[%emt 0:01:10]} Qf4 {[%emt 0:00:40]} 20. Re1 {[%emt 0:00:31]} Bf6 {[%emt 0:03:07]} 21. a5 {[%emt 0:04:42]} exd5 {[%emt 0:07:43]} 22. Qxd5 {[%emt 0:00:21]} Rd8 {[%emt 0:09:15]} 23. Qxd7 {[%emt 0:00:10]} g6 {[%emt 0:00:04]} 24. Re8+ {[%emt 0:00:22]} Rxe8 {[%emt 0:00:05]} 25. Qxe8+ {[%emt 0:00:03]} Kg7 {[%emt 0:00:05]} 26. b3 {[%emt 0:00:12]} Qc1+ {[%emt 0:01:03]} 27. Qe1 {[%emt 0:01:07]} Qa3 {[%emt 0:00:23]} 28. Bc4 {[%emt 0:00:18]} Qxa5 {[%emt 0:00:08]} 29. h3 {[%emt 0:00:03]} Qa3 {[%emt 0:00:29]} 30. Qe8 {[%emt 0:00:25]} 1-0

[Event "21st Dubai Open 2019"]
[Site "Dubai"]
[Date "2019.04.06"]
[Round "6.25"]
[White "Mullick, Raahil"]
[Black "Shyaamnikhil P"]
[Result "0-1"]
[WhiteElo "2275"]
[BlackElo "2429"]
[Annotator "NA"]
[PlyCount "88"]
[EventDate "2019.04.01"]
[EventType "swiss"]
[EventCountry "UAE"]
[SourceTitle "playchess.com"]
[Source "ChessBase"]
[SourceQuality "1"]
[TimeControl "5400+30"]

1. e4 {[%emt 0:00:00]} c5 {[%emt 0:01:44]} 2. Nf3 {[%emt 0:00:09]} d6 {[%emt 0:00:10]} 3. d4 {[%emt 0:00:21]} cxd4 {[%emt 0:00:13]} 4. Nxd4 {[%emt 0:00:02]} Nf6 {[%emt 0:00:46]} 5. Nc3 {[%emt 0:00:07]} a6 {[%emt 0:00:32]} 6. Be3 {[%emt 0:00:10]} e5 {[%emt 0:00:29]} 7. Nb3 {[%emt 0:00:06]} Be6 {[%emt 0:00:34]} 8. f3 {[%emt 0:00:04]} Nbd7 {[%emt 0:00:13]} 9. Qd2 {[%emt 0:00:15]} Be7 {[%emt 0:03:41]} 10. O-O-O {[%emt 0:00:51]} b5 {[%emt 0:00:35]} 11. g4 {[%emt 0:00:29]} Nb6 {[%emt 0:03:24]} 12. g5 {[%emt 0:08:43]} Nfd7 {[%emt 0:05:09]} 13. Nd5 {[%emt 0:03:53]} Bxd5 {[%emt 0:00:41]} 14. exd5 {[%emt 0:00:08]} Rc8 {[%emt 0:00:10]} 15. Kb1 {[%emt 0:03:46]} Nc4 {[%emt 0:01:20]} 16. Bxc4 {[%emt 0:00:14]} bxc4 {[%emt 0:00:05]} 17. Nc1 {[%emt 0:01:02]} c3 {[%emt 0:04:50]} 18. bxc3 {[%emt 0:08:51]} Rc4 {[%emt 0:05:56]} 19. Nb3 {[%emt 0:07:59]} Qc7 {[%emt 0:02:14]} 20. Qe2 {[%emt 0:03:35]} Ra4 {[%emt 0:07:10]} 21. h4 {[%emt 0:12:46]} O-O {[%emt 0:10:43]} 22. h5 {[%emt 0:02:27]} f5 {[%emt 0:02:58]} 23. gxf6 {[%emt 0:02:10]} Bxf6 {[%emt 0:01:10]} 24. Rhg1 {[%emt 0:04:15]} Qxc3 {[%emt 0:04:43]} 25. Rd3 {[%emt 0:02:53]} Qc8 {[%emt 0:03:41]} 26. Bg5 {[%emt 0:02:10]} Rf7 {[%emt 0:03:34]} 27. Bxf6 {[%emt 0:03:49]} Nxf6 {[%emt 0:00:08]} 28. h6 {[%emt 0:00:10]} g6 {[%emt 0:05:59]} 29. Qd2 {[%emt 0:00:57]} Rc7 {[%emt 0:08:42]} 30. Rc1 {[%emt 0:03:13]} Qb7 {[%emt 0:06:30]} 31. Ka1 {[%emt 0:01:57]} Qb4 {[%emt 0:06:21]} 32. Qxb4 {[%emt 0:02:12]} Rxb4 {[%emt 0:00:07]} 33. a3 {[%emt 0:07:16]} Rbc4 {[%emt 0:00:43]} 34. Kb2 {[%emt 0:00:30]} Rh4 {[%emt 0:00:26]} 35. Na5 {[%emt 0:02:16]} Rxh6 {[%emt 0:01:30]} 36. c4 {[%emt 0:00:48]} Rh2+ {[%emt 0:01:08]} 37. Kb3 {[%emt 0:01:48]} Nd7 {[%emt 0:00:11]} 38. Re3 {[%emt 0:00:58]} Nc5+ {[%emt 0:00:46]} 39. Kc3 {[%emt 0:00:29]} Ra2 {[%emt 0:00:21]} 40. Kb4 {[%emt 0:00:14]} Rb2+ {[%emt 0:03:15]} 41. Kc3 {[%emt 0:00:02]} Na4+ {[%emt 0:00:14]} 42. Kd3 {[%emt 0:00:04]} Nc5+ {[%emt 0:00:42]} 43. Kc3 {[%emt 0:00:01]} Na4+ {[%emt 0:00:05]} 44. Kd3 {[%emt 0:00:11]} Ra2 {[%emt 0:00:04] Kd4} 0-1

[Event "21st Dubai Open 2019"]
[Site "Dubai"]
[Date "2019.04.06"]
[Round "6.26"]
[White "Laxman, R.R."]
[Black "Poormosavi, Seyed Kian"]
[Result "1-0"]
[WhiteElo "2428"]
[BlackElo "2260"]
[Annotator "NA"]
[PlyCount "93"]
[EventDate "2019.04.01"]
[EventType "swiss"]
[EventCountry "UAE"]
[SourceTitle "playchess.com"]
[Source "ChessBase"]
[SourceQuality "1"]
[TimeControl "5400+30"]

1. d4 {[%emt 0:00:00]} Nf6 {[%emt 0:00:00]} 2. Nf3 {[%emt 0:00:00]} e6 {[%emt 0:00:08]} 3. c4 {[%emt 0:00:00]} d5 {[%emt 0:00:12]} 4. e3 {[%emt 0:00:00]} Be7 {[%emt 0:03:12]} 5. Nc3 {[%emt 0:00:12]} O-O {[%emt 0:01:53]} 6. Bd3 {[%emt 0:00:06]} dxc4 {[%emt 0:09:41]} 7. Bxc4 {[%emt 0:00:12]} c5 {[%emt 0:00:17]} 8. O-O {[%emt 0:00:21]} Nc6 {[%emt 0:00:51]} 9. a3 {[%emt 0:01:48]} b6 {[%emt 0:13:47]} 10. dxc5 {[%emt 0:06:02]} Bxc5 {[%emt 0:06:17]} 11. b4 {[%emt 0:00:21]} Bd6 {[%emt 0:09:27]} 12. Bb2 {[%emt 0:02:07]} a6 {[%emt 0:10:32]} 13. Ne2 {[%emt 0:11:30]} Bb7 {[%emt 0:08:11]} 14. Rc1 {[%emt 0:03:24]} Qe7 {[%emt 0:08:02]} 15. Ng3 {[%emt 0:00:13]} Ng4 {[%emt 0:17:08]} 16. Bd3 {[%emt 0:09:12]} Nge5 {[%emt 0:02:01]} 17. Nxe5 {[%emt 0:00:14]} Nxe5 {[%emt 0:03:06]} 18. Bxe5 {[%emt 0:00:14]} Bxe5 {[%emt 0:00:02]} 19. Bxh7+ {[%emt 0:00:12]} Kxh7 {[%emt 0:00:11]} 20. Qh5+ {[%emt 0:00:02]} Kg8 {[%emt 0:00:07]} 21. Qxe5 {[%emt 0:00:06]} Rac8 {[%emt 0:00:36]} 22. e4 {[%emt 0:01:21]} Qd7 {[%emt 0:01:05]} 23. Rcd1 {[%emt 0:00:32]} Qc7 {[%emt 0:01:47]} 24. Qg5 {[%emt 0:01:00]} f6 {[%emt 0:00:44]} 25. Qg4 {[%emt 0:00:06]} Qe7 {[%emt 0:00:17]} 26. Rc1 {[%emt 0:02:08]} f5 {[%emt 0:02:34]} 27. exf5 {[%emt 0:00:10]} exf5 {[%emt 0:00:02]} 28. Qf4 {[%emt 0:00:19]} g6 {[%emt 0:00:19]} 29. h4 {[%emt 0:00:35]} Qf6 {[%emt 0:01:24]} 30. f3 {[%emt 0:00:43]} Rcd8 {[%emt 0:00:32]} 31. Rfd1 {[%emt 0:00:53]} Rf7 {[%emt 0:00:28]} 32. Rxd8+ Qxd8 {[%emt 0:00:01]} 33. Qg5 {[%emt 0:03:26]} Qxg5 {[%emt 0:01:04]} 34. hxg5 {[%emt 0:00:02]} Rd7 {[%emt 0:00:13]} 35. Ne2 {[%emt 0:00:12]} Kf7 {[%emt 0:00:14]} 36. Nf4 {[%emt 0:00:09]} Bd5 {[%emt 0:00:54]} 37. Kh2 {[%emt 0:00:41]} b5 {[%emt 0:00:17]} 38. Rd1 {[%emt 0:00:12]} Be6 {[%emt 0:00:16]} 39. Rxd7+ {[%emt 0:00:04]} Bxd7 {[%emt 0:00:01]} 40. Kg3 {[%emt 0:00:09]} Be8 {[%emt 0:00:56]} 41. Kf2 {[%emt 0:00:06]} Ke7 {[%emt 0:00:06]} 42. Ke3 {[%emt 0:00:04]} Kd7 {[%emt 0:00:38]} 43. Kd4 {[%emt 0:00:04]} Kd6 {[%emt 0:00:05]} 44. g3 {[%emt 0:00:09]} Bc6 {[%emt 0:00:17]} 45. Nxg6 {[%emt 0:00:00]} Bxf3 {[%emt 0:00:00]} 46. Nh4 {[%emt 0:00:03]} Be4 {[%emt 0:00:31]} 47. g4 {[%emt 0:00:09]} 1-0

[Event "21st Dubai Open 2019"]
[Site "Dubai"]
[Date "2019.04.06"]
[Round "6.27"]
[White "Mendonca, Leon Luke"]
[Black "Abelgas, Roel"]
[Result "1/2-1/2"]
[WhiteElo "2427"]
[BlackElo "2256"]
[Annotator "TA"]
[PlyCount "166"]
[EventDate "2019.04.01"]
[EventType "swiss"]
[EventCountry "UAE"]
[SourceTitle "playchess.com"]
[Source "ChessBase"]
[SourceQuality "1"]

{[%evp 10,166,10,10,39,8,37,1,22,4,25,15,11,0,0,0,0,-7,-8,-6,0,-6,0,-6,-10,-7,-5,-8,-4,-4,-7,-14,-11,-32,0,0,0,-7,-10,-13,-9,-25,-25,-18,0,-17,0,0,0,-19,-4,-4,-9,-16,-9,-5,0,-9,-4,-21,-6,-5,0,-4,-8,-8,0,0,0,0,0,0,31,0,128,148,139,140,116,35,48,0,106,0,618,122,189,173,191,170,265,0,161,0,255,207,202,18,157,39,55,27,70,81,78,0,0,0,0,0,0,0,0,0,110,97,91,0,0,0,0,0,0,0,66,0,40,0,0,0,0,0,0,0,0,0,0,0,0,0,0,0,0,0,0,0,0,0,0,0,0,0,0,0,0,0,0,0,0]} 1. Nf3 Nf6 2. g3 g6 3. b3 Bg7 4. Bb2 O-O 5. Bg2 d5 6. c4 b6 {A05: Réti Opening: 1 Nf3 Nf6} (6... c6 7. O-O Bg4 8. d3 Nbd7 9. Nbd2 Re8 10. h3 Bxf3 11. Nxf3 a5 12. a3 Nh5 13. d4 e6 14. Qc2 a4 15. b4 Nb6 16. Nd2 f5 17. Rab1 Nf6 18. c5 {1-0 (39) Naroditsky,D (2616)-Hansen,E (2615) chess.com INT 2019}) 7. O-O Bb7 8. d4 c6 9. Nbd2 Nbd7 10. b4 a5 $146 ({Predecessor:} 10... c5 11. bxc5 bxc5 12. Qa4 Qc7 13. Rfc1 Bc6 14. Qa3 dxc4 15. Nxc4 Ne4 16. Na5 Bd5 17. Nd2 f5 18. Ndb3 Rab8 19. f3 Nd6 20. dxc5 Nb5 {0-1 (20) Ramos Aguilar,J (2101)-Galvan Sarmiento,J (1832) San Cristobal de La Laguna 2018}) 11. bxa5 Rxa5 12. cxd5 cxd5 13. e3 Qa8 14. Qb3 Rc8 15. a3 e6 16. Bc3 Ra7 17. Bb4 Ba6 18. Rfc1 Rac7 19. Qb2 Qb7 20. Bf1 Bxf1 21. Kxf1 Qa6+ 22. Kg1 Qa7 23. Nb3 Ne4 24. Rxc7 Rxc7 25. Rc1 Ndc5 {[%mdl 64] Threatens to win with ...Nd3. Pin} 26. Qb1 Na4 27. Nfd2 Nec3 28. Qd3 {[%cal Rb4c3]} Na2 (28... Nb2 $5 29. Qf1 $8 Nba4 $11) 29. Rc2 Rxc2 30. Qxc2 {Qc8+ would kill now.} Nxb4 31. axb4 Bf8 32. Qc8 Nb2 33. b5 Qa3 34. Qc7 Na4 35. Kg2 Qb4 36. Qd7 Nc3 37. Qc6 $1 Na4 38. Qd7 Qd6 39. Qc8 Nb2 40. Qc2 Qa3 41. Qc7 Na4 (41... Qd6 $11 42. Qc6 h6) 42. Nf3 $1 $16 Qe7 ({Stronger than} 42... Qxb3 43. Ng5 Kg7 44. Qxf7+ Kh6 45. Qxh7+ Kxg5 46. Qh4+ Kf5 47. Qf4#) 43. Qc8 $1 Qb4 44. Qe8 (44. Ne5 $1 $16) 44... Qe7 $14 45. Qc8 (45. Qb8 $14) 45... Qb4 $16 46. Qe8 (46. Ne5 $1 $16) 46... Kg7 $2 {[%mdl 8192] [#]} (46... Qe7 $11 47. Qc8) 47. Nbd2 $2 (47. Nc5 $1 $18 {[%mdl 512] is the precise move to win. White wants to mate with Ng5.} Nxc5 48. Ng5) 47... Nb2 (47... Qe7 $16 {was necessary.} 48. Qc8 Qb4) 48. Ne5 $36 {[%mdl 2048] White is on the roll.} Qe7 49. Qc6 Na4 (49... Qd6 $142) 50. Qa8 $2 (50. Ndf3 $18) 50... Nb2 $2 (50... Nc3 $11 {and Black stays safe.}) 51. Qc6 (51. e4 $142) 51... Na4 $1 52. Nb1 Qd6 53. Nc3 $2 (53. Qb7 $18 Qe7 54. Qa6) 53... Nb2 (53... Nxc3 $11 54. Qxc3 f6) 54. Qb7 (54. h4 $16) 54... Be7 $14 55. Nc6 Bd8 56. Qa8 Bc7 57. Ne2 ({Better is} 57. e4 $16) 57... Nc4 $11 58. Qc8 Na3 59. Nc3 h5 60. h4 Nc4 61. Ne2 Nd2 (61... Na3 $11) 62. Nf4 $16 Ne4 {[#]} 63. Qe8 (63. Ne5 $1 $16 {And now Qe8 would win.} Qd8 64. Qxd8 Bxd8 {[#]} 65. Nexg6 $1 {[%mdl 512]}) 63... Qf8 $11 64. Qd7 Bxf4 65. exf4 Nd6 66. Ne5 Nc4 ({Black should try} 66... Kg8 $11) 67. Qc7 (67. Nxc4 $1 $14 dxc4 68. d5) 67... Nxe5 68. fxe5 {[%mdl 4096] Endgame KQ-KQ} Qb4 {The position is equal.} 69. Qxb6 Qb1 70. Qc5 Qe4+ 71. Kg1 {Black must now prevent Qb4.} Qe1+ 72. Kg2 Qe4+ 73. Kf1 Qd3+ 74. Kg1 Qb1+ 75. Kg2 Qe4+ 76. Kf1 Qb1+ 77. Ke2 Qb2+ 78. Kf3 Qb1 {[%csl Gd5][%cal Rb1e4]} 79. Ke3 Qb3+ 80. Ke2 Qb2+ 81. Kf1 Qb1+ 82. Kg2 Qe4+ 83. Kh2 {Qb4 is the strong threat.} Qe2 {Accuracy: White = 39%, Black = 53%.} 1/2-1/2